Môi trường bãi chôn lấp chất thải & kỹ thuật xử lý nước rác

Nghiên cứu về chất thải đô thị và ô nhiễm môi trường. Cơ sở đánh giá môi trường và xử lý nước thải ở bãi chôn lấp chất thải đô thị, môi trường bãi chôn lấp và công nghệ xử lý nước rác cho bãi chôn lấp Nam Sơn...

ver descrição completa

Na minha lista:
Detalhes bibliográficos
Autor principal: Nguyễn, Hồng Khánh
Outros Autores: Lê, Văn Cát
Formato: Livro
Idioma:Undetermined
Publicado em: H. KH & KT 2009
Assuntos:
Acesso em linha:http://lrc.tdmu.edu.vn/opac/search/detail.asp?aID=2&ID=7582
Tags: Adicionar Tag
Sem tags, seja o primeiro a adicionar uma tag!
Thư viện lưu trữ: Trung tâm Học liệu Trường Đại học Thủ Dầu Một
LEADER 01168nam a2200217Ia 4500
001 TDMU_7582
008 210410s9999 xx 000 0 und d
082 |a 628.4 
090 |b NG527 
100 |a Nguyễn, Hồng Khánh 
245 0 |a Môi trường bãi chôn lấp chất thải & kỹ thuật xử lý nước rác 
245 0 |c Nguyễn Hồng Khánh, Lê Văn Cát, Tạ Đăng Toàn 
260 |a H. 
260 |b KH & KT 
260 |c 2009 
300 |a 375tr 
520 |a Nghiên cứu về chất thải đô thị và ô nhiễm môi trường. Cơ sở đánh giá môi trường và xử lý nước thải ở bãi chôn lấp chất thải đô thị, môi trường bãi chôn lấp và công nghệ xử lý nước rác cho bãi chôn lấp Nam Sơn 
650 |a Kỹ thuật; Xử lý nước thải; Xử lý rác thải; Ô nhiễm môi trường 
700 |a Lê, Văn Cát 
856 |u http://lrc.tdmu.edu.vn/opac/search/detail.asp?aID=2&ID=7582 
980 |a Trung tâm Học liệu Trường Đại học Thủ Dầu Một